000 00575nam a2200193Ia 4500
005 20250508152026.0
008 008 250505s9999 xx 000 0 eng d
037 _aBooks to be hide in OPAC
040 _aFEDL
_beng
_cFEDL
041 _aeng
_2eng
084 _a370.954, IND/O
_qFEDL
100 _aSharp H
_9759281
245 0 _aProgress of education in India 1912-1917.Vol 2
260 _aCalcutta, India
_bSuperientendent Government Printing
_c1919
300 _a200p.
490 _vVol 2
942 _cHB
_h370.954, IND/O
999 _c1333707
_d1333707